Normal view
MARC view
Entry Término temático
001 - NÚMERO DE CONTROL
- campo de control: 22452
003 - IDENTIFICADOR DEL NÚMERO DE CONTROL
- campo de control: FranzMayer
005 - FECHA Y HORA DE LA ÚLTIMA TRANSACCIÓN
- campo de control: 20190320210521.0
008 - DATOS DE LONGITUD FIJA
- campo de control de longitud fija: 190320|| aca||aabn | a|a d
040 ## - FUENTE DE LA CATALOGACIÓN
- Centro catalogador/agencia de origen: FranzMayer
- Centro/agencia transcriptor: FranzMayer
150 ## - ENCABEZAMIENTO--TÉRMINO DE MATERIA
- Término de materia o nombre geográfico como elemento de entrada: Derecho canónico
- Subdivisión general: Casos
- Subdivisión cronológica: Obras anteriores a 1800
670 ## - FUENTE DE DATOS ENCONTRADOS
- Cita de la fuente: Work cat.: (FranzMayer): Sacrae rotae romanae decisiones, et summorum pontificum constitutiones recentissimae, theatrum veritatis & justitiae Cardinalis de Luca, ejusque tractatus de officiis venal. et statut. successionibus amplectentes, confirmantes, & laudantes., 1734